Statistics for Expressways in Singapore

Click here to take the quiz!

General Stats

  • This quiz has been taken 321 times
    (318 since last reset)
  • The average score is 7 of 10

Answer Stats

HintAnswer% Correct
AYEAyer Rajah Expressway
90%
PIEPan-Island Expressway
85%
CTECentral Expressway
82%
TPETampines Expressway
78%
BKEBukit Timah Expressway
76%
SLESeletar Expressway
76%
KJEKranji Expressway
72%
ECPEast Coast Parkway
70%
MCEMarina Coastal Expressway
60%
KPEKallang-Paya Lebar Expressway
58%

Score Distribution

Percentile by Number Answered

Percent of People with Each Score

Your Score History

You have not taken this quiz since the last reset